A Host -Pest List of Selected Timber Tree Species of Peninsular Malaysia

Bibliographic Details
Other Authors: S.P.Ong, S.S.Lee, U. Salmiah
Format: Book
Published: Selangor : FRIM , 2015
Subjects:

MARC

LEADER 00000cam a2200000 7i4500
001 0000004047
005 20151030.0
090 0 0 |a 632.909595   |b PES 2015 
245 0 0 |a A Host -Pest List of Selected Timber Tree Species of Peninsular Malaysia   |c compiled by M. Patahayah...[et.all]... 
260 0 0 |a Selangor :   |b FRIM ,   |c 2015 
300 |a vii, 123pages. :   |b ill. ;   |c 25cm. 
500 0 0 |a Includes references 
650 0 0 |a Timber---Diseases and pets---Malaysia 
650 0 0 |a Timber---Malaysia 
700 0 1 |a S.P.Ong 
700 0 1 |a S.S.Lee 
700 0 1 |a U. Salmiah 
998 |a JPSM 
999 |a 007877   |b Monograph   |c Open Shelf   |e Default branch